CULTURA GENERAL-PRIMARIA - Estadísticas

Estadísticas generales
  • Esta prueba ha sido intentada 219 veces
  • La puntuación promedio es 18 de 20
Estadísticas de respuestas
Hint Respuesta % Correcto
¿Cuántos planetas hay en nuestro sistema solar? 8
99%
¿En qué continente se encuentra Egipto? África
99%
¿Cuál es el océano más grande del mundo? Pacífico
99%
¿En qué ciudad se encuentra la Torre Eiffel? París
99%
¿Cuántos jugadores tiene un equipo de fútbol en el campo? 11
98%
¿Qué animal es conocido como el rey de la selva? León
98%
¿Qué comida es famosa en Italia? Pizza
98%
¿En qué deporte se usan una tabla y una ola? Surf
98%
¿Cómo se llama el aparato que usamos para medir la temperatura? Termómetro
97%
¿Cuántos días tiene un año bisiesto? 366
96%
¿Cómo se llama el personaje que vive en el País de las Maravillas? Alicia
95%
¿Cómo se llama el proceso por el que las plantas hacen su comida? Fotosíntesis
95%
¿Qué instrumento se toca con teclas y cuerdas, y es famoso en las orquestas? Piano
92%
¿Qué planeta está más cerca del sol? Mercurio
91%
¿En qué año llegó el hombre a la Luna? 1969
87%
¿Cómo se llama la sopa fría típica de España hecha con tomate, pepino y pimiento? Gazpacho
83%
¿Cómo se llama el proceso por el que el agua se convierte en vapor de agua? Evaporación
77%
¿Cómo se llama el famoso torneo de tenis que se juega en césped en Inglaterra? Wimbledon
71%
¿Cómo se llama el mamífero que pone huevos? Ornitorrinco
64%
¿En qué mito aparece un monstruo con cabeza de mujer y cuerpo de serpiente? Medusa
62%
No se encontraron pruebas coincidentes
Distribución de puntuación
Porcentaje de gente con cada puntuación
Porcentaje por número respondido
Historial de tus puntuaciones
No has intentado esta prueba.